| 000 | 00821nam a2200229Ia 4500 | ||
|---|---|---|---|
| 001 | L808-32471 | ||
| 003 | IT-CnALBA | ||
| 008 | 170116s9999||||xx |||||||||||||| ||und|| | ||
| 040 |
_aIT-CnALBA _cIT-CnALBA |
||
| 041 | _aITALIANO | ||
| 100 | _aGUIDO DA VERONA | ||
| 245 | 0 | _aL'ASSASSINIO DELL'ALBERO ANTICO. ROMANZO. | |
| 250 | _a2a ed. | ||
| 260 |
_aMILANO _bCORBACCIO EDIZIONI SOC. ANONIMA _c1931 [1° Ed.: n.d.] |
||
| 300 | _a295 p. | ||
| 500 | _aPER I POVERI UMILI E VINTI DEL MONDO. RASSEGNAZIONE DISPREZZO. | ||
| 501 | _aSocietà San Paolo EM - Piazza San Paolo, 14 - 12051 ALBA (CN) (non commercial uses only) ® Copyright 2017 | ||
| 520 | _aPER I POVERI UMILI E VINTI DEL MONDO. RASSEGNAZIONE DISPREZZO. | ||
| 650 | _aNARRATIVA DI VARIE LETTERATURE - ROMANZI | ||
| 942 | _cBK | ||
| 957 | _71 | ||
| 999 |
_a37240 _bSI _g Copie: 1 _c291304 _d291304 |
||